[Event "Olomouc Seniors op"]
[Site "Olomouc"]
[Date "2022.08.13"]
[Round "1"]
[White "Jerman, Richard"]
[Black "Macoun, Jiri"]
[Result "1-0"]
[WhiteElo "2038"]
[BlackElo "1675"]
[PlyCount "43"]
[EventDate "2022.08.13"]
[EventType "swiss"]
[EventRounds "9"]
[EventCountry "CZE"]
[SourceTitle "CBM 209 Extra"]
[Source "ChessBase"]
[SourceDate "2022.09.30"]
[SourceVersion "1"]
[SourceVersionDate "2022.09.30"]
[SourceQuality "1"]

1. e4 e5 2. Nf3 Nc6 3. Nc3 Bc5 4. Nxe5 Bxf2+ 5. Kxf2 Nxe5 6. d4 Nc6 7. Be3 h6 8. Bc4 d6 9. Rf1 Nf6 10. Kg1 a6 11. Qf3 b5 12. e5 dxe5 13. dxe5 Nxe5 14. Qxa8 Nxc4 15. Bc5 Nd6 16. Rfe1+ Kf8 17. Rad1 Qd7 18. Bxd6+ Kg8 19. Be7 Qf5 20. Bxf6 gxf6 21. Rd5 Qg4 22. Re4 1-0

[Event "Prague Menchik Memorial Rapid"]
[Site "Prague"]
[Date "2021.09.28"]
[Round "1"]
[White "Macoun, Jiri"]
[Black "Liuba, Volodymyr"]
[Result "0-1"]
[WhiteElo "1684"]
[BlackElo "2082"]
[PlyCount "62"]
[EventDate "2021.09.28"]
[EventType "swiss (rapid)"]
[EventRounds "9"]
[EventCountry "CZE"]
[SourceTitle "CBM 204 Extra"]
[Source "ChessBase"]
[SourceDate "2021.11.30"]
[SourceVersion "1"]
[SourceVersionDate "2021.11.30"]
[SourceQuality "1"]

1. e4 c5 2. Bc4 d6 3. d3 Nf6 4. Nc3 g6 5. f4 Nc6 6. a3 Bg7 7. Nf3 0-0 8. 0-0 Bg4 9. h3 Bxf3 10. Qxf3 a6 11. Bd2 Nd4 12. Qd1 b5 13. Ba2 b4 14. axb4 cxb4 15. Ne2 Nd7 16. c3 Nxe2+ 17. Qxe2 bxc3 18. bxc3 Rb8 19. Bc4 Rb2 20. Qe3 a5 21. d4 Qb6 22. Bd3 e5 23. d5 Rxd2 24. Qxb6 Nxb6 25. Bb5 exf4 26. Rxf4 Bxc3 27. Rb1 a4 28. Bc6 a3 29. Kh2 a2 30. Rxb6 a1Q 31. Rf3 Be5+ 0-1

[Event "WchT Seniors 65"]
[Site "Prague"]
[Date "2020.03.12"]
[Round "7.3"]
[White "Macoun, Jiri"]
[Black "Walta, Paivi"]
[Result "0-1"]
[WhiteElo "1713"]
[BlackElo "1681"]
[PlyCount "118"]
[EventDate "2020.03.06"]
[EventType "team-swiss"]
[EventRounds "7"]
[EventCountry "CZE"]
[SourceTitle "CBM 195 Extra"]
[Source "ChessBase"]
[SourceDate "2020.05.31"]
[SourceVersion "1"]
[SourceVersionDate "2020.05.31"]
[SourceQuality "1"]
[WhiteTeam "Czech Republic 65 IX"]
[BlackTeam "Finland 65 III"]
[WhiteTeamCountry "CZE"]
[BlackTeamCountry "FIN"]

1. e4 c5 2. Bc4 Nc6 3. a3 Nf6 4. d3 g6 5. f4 d6 6. Nf3 Bg7 7. 0-0 0-0 8. Nc3 e6 9. Be3 b6 10. Qd2 Ng4 11. h3 Nxe3 12. Qxe3 Nd4 13. Qd2 a6 14. Rae1 b5 15. Ba2 Rb8 16. e5 d5 17. Nxd4 cxd4 18. Ne2 Qb6 19. Qb4 Bd7 20. Qxd4 Qb7 21. c3 Rbc8 22. Qe3 a5 23. b4 Ra8 24. Bb3 axb4 25. axb4 Ra3 26. Rb1 Rfa8 27. Nd4 Qc7 28. Rfc1 Bh6 29. g3 Bf8 30. Kf2 Bg7 31. Kf3 R8a7 32. g4 h6 33. Nc2 R3a6 34. d4 Qd8 35. Qe2 Rc7 36. Qe1 Qc8 37. Ne3 Rac6 38. Nd1 Bf8 39. Ba2 Be7 40. Rb2 Qd8 41. Bb1 Bh4 42. Qe3 Qc8 43. Bd3 Rb6 44. Rg2 Be7 45. Rb1 Ra6 46. Rb3 Ra1 47. Bc2 Rca7 48. Rh2 Qc4 49. Qe2 Qc8 50. h4 Qf8 51. h5 g5 52. f5 f6 53. Kg3 R7a2 54. Qd3 exf5 55. gxf5 Qg7 56. e6 Bd6+ 57. Kh3 Be8 58. Rh1 Bxh5 59. Bb1 g4+ 0-1

[Event "WchT Seniors 65"]
[Site "Prague"]
[Date "2020.03.09"]
[Round "4.23"]
[White "Macoun, Jiri"]
[Black "Harle, Bill"]
[Result "1-0"]
[WhiteElo "1713"]
[BlackElo "1746"]
[PlyCount "155"]
[EventDate "2020.03.06"]
[EventType "team-swiss"]
[EventRounds "7"]
[EventCountry "CZE"]
[SourceTitle "CBM 195 Extra"]
[Source "ChessBase"]
[SourceDate "2020.05.31"]
[SourceVersion "1"]
[SourceVersionDate "2020.05.31"]
[SourceQuality "1"]
[WhiteTeam "Czech Republic 65 IX"]
[BlackTeam "Wales 65 II"]
[WhiteTeamCountry "CZE"]
[BlackTeamCountry "WLS"]

1. e4 c6 2. Nc3 d5 3. exd5 cxd5 4. d4 e6 5. a3 a6 6. Nf3 Nc6 7. Bd3 Nf6 8. Bg5 Be7 9. 0-0 h6 10. Bh4 0-0 11. Ne2 Nh5 12. Bxe7 Nxe7 13. Ne5 f5 14. f4 Qe8 15. Rf3 Nc6 16. c3 Nxe5 17. dxe5 g6 18. Qe1 Qe7 19. Rh3 Kh7 20. Qf2 Bd7 21. g4 Ng7 22. g5 h5 23. Ng3 Rh8 24. c4 dxc4 25. Bxc4 Rac8 26. Bd3 Qc5 27. Ne2 Qxf2+ 28. Kxf2 Rhd8 29. Rc1 Kg8 30. Bc4 Kf7 31. Rhc3 b5 32. Bb3 Rxc3 33. Rxc3 Rc8 34. Rd3 Ke7 35. Rd6 Rc6 36. Rd1 Ne8 37. Nd4 Rc5 38. Ke3 Nc7 39. Nf3 Rc6 40. Nd4 Rc5 41. Nc2 a5 42. Rd2 Bc6 43. Kd4 Na6 44. Ba2 Bd5 45. b4 axb4 46. axb4 Rc7 47. Bxd5 exd5 48. Ne3 Ke6 49. Rb2 Rc8 50. Rc2 Rxc2 51. Nxc2 Kd7 52. Kxd5 Nc7+ 53. Kd4 Ne6+ 54. Ke3 Nc7 55. Nd4 Nd5+ 56. Kf3 Nxb4 57. Nxb5 Nd5 58. Nd6 Ke6 59. Nc4 Nc3 60. Ne3 Ne4 61. Ng2 Nd2+ 62. Ke2 Ne4 63. Ke3 Nc3 64. Kd4 Nd5 65. Kc5 Nc7 66. Nh4 Kf7 67. Kd6 Ne8+ 68. Kd7 Ng7 69. Ng2 Ne6 70. Kd6 Nd4 71. Ne3 h4 72. h3 Ne6 73. Ng2 Ng7 74. Nxh4 Nh5 75. Ng2 Ke8 76. Ke6 Kf8 77. Kd7 Ng7 78. e6 1-0